000 00379nam a2200145 i 4500
001 76381
003 ES-MaACL
005 20230906172826.0
007 t|
008 041001s1967 sp ||||1| spa d
245 0 0 _aGuía agrícola Philips
_b: nº 6.
260 _aMadrid :
_bParaninfo,
_c[1967] (
_fTorroba)
300 _a320 p. ;
_c19 cm.
852 _aES-MaACL
_jC-31668
_bR.62374
999 _c76381
_d76381